10 ciudades más pobladas en cada comunidad autónoma de España - Estadísticas

Estadísticas generales
  • Esta prueba ha sido intentada 6.615 veces
    6.260 desde el último reinicio
  • La puntuación promedio es 69 de 172
Respuestas en el mapa
Las respuestas están codificadas por una escala verde-roja en el mapa de la prueba según el % correcto abajo.
 
Estadísticas de respuestas
Autonomous Community City Population % Correcto
Madrid Madrid 3 340 176
91%
Catalonia Barcelona 1 655 956
90%
Andalusia Sevilla 684 164
90%
Andalusia Málaga 587 068
86%
Valencian Community València / Valencia 804 121
86%
Andalusia Granada 232 246
83%
Andalusia Córdoba 324 418
82%
Aragon Zaragoza 683 949
82%
Autonomous City Ceuta 83 052
81%
Autonomous City Melilla 85 493
81%
Murcia Murcia 467 501
81%
Galicia A Coruña / La Coruña 247 350
80%
Andalusia Almería 200 665
80%
Basuqe Country Bilbao 345 235
80%
Andalusia Huelva 142 968
80%
Castile and León León 121 763
79%
Valencian Community Alacant / Alicante 350 598
78%
Castile-La Mancha Toledo 85 818
78%
Galicia Lugo 98 189
77%
Principality of Asturias Oviedo 217 369
77%
Catalonia Tarragona 138 326
77%
Galicia Vigo 294 910
77%
Extremadura Badajoz 150 716
76%
Castile and León Valladolid 297 129
76%
Canary Islands Santa Cruz de Tenerife 208 906
75%
Extremadura Cáceres 96 195
74%
Castile and León Salamanca 143 666
74%
Galicia Santiago de Compostela 98 716
74%
Basuqe Country Donostia / San Sebastián 188 136
73%
Balearic Islands Eivissa / Ibiza 51 872
73%
Principality of Asturias Gijón 268 948
73%
Aragon Huesca 53 938
73%
Galicia Ourense / Orense 104 187
73%
Balearic Islands Palma de Mallorca 430 640
73%
Castile-La Mancha Albacete 173 202
72%
Castile and León Burgos 174 585
72%
Navarre Pamplona / Iruña 206 233
72%
Galicia Pontevedra 82 592
72%
Cantabria Santander 172 655
72%
Castile-La Mancha Ciudad Real 75 254
71%
Aragon Teruel 36 155
71%
Catalonia Lleida / Lérida 142 990
70%
Castile and León Segovia 50 926
69%
Castile-La Mancha Cuenca 53 630
68%
Madrid Getafe 187 525
68%
Extremadura Mérida 59 563
68%
Castile and León Ávila 58 548
67%
Canary Islands Las Palmas de Gran Canaria 380 863
67%
Castile and León Palencia 76 266
67%
Castile and León Soria 40 033
66%
Castile and León Zamora 59 362
66%
Murcia Cartagena 218 196
65%
Castile-La Mancha Guadalajara 88 886
64%
Valencian Community Castelló de la Plana / Castellón de la Plana 175 915
62%
La Rioja Logroño 150 206
62%
Catalonia L'Hospitalet de Llobregat 276 617
61%
Andalusia Marbella 156 153
61%
Balearic Islands Ciutadella de Menorca / Ciudadela de Menorca 31 669
58%
Valencian Community Elx / Elche 238 285
56%
Madrid Leganés 190 974
55%
Madrid Móstoles 210 592
54%
Basuqe Country Vitoria-Gasteiz 255 423
54%
Valencian Community Benidorm 72 184
53%
Andalusia Algeciras 123 943
52%
Andalusia Jerez de la Frontera 214 294
52%
Madrid Alcalá de Henares 198 348
51%
Galicia Ferrol 64 005
51%
Catalonia Badalona 224 301
50%
Andalusia Dos Hermanas 138 991
50%
Madrid Alcorcón 172 845
49%
Castile and León Ponferrada 62 941
47%
Cantabria Santa cruz de Bezana 13 684
47%
Madrid Fuenlabrada 189 287
45%
Catalonia Sabadell 217 968
45%
Principality of Asturias Avilés 75 643
43%
Basuqe Country Irún 62 853
42%
Catalonia Reus 108 535
41%
Castile-La Mancha Talavera de la Reina 84 102
40%
Basuqe Country Barakaldo 100 987
38%
Catalonia Terrassa 225 274
38%
Valencian Community Gandia / Gandía 77 916
37%
Murcia Lorca 97 904
37%
Extremadura Plasencia 39 725
37%
Madrid Alcobendas 119 471
36%
Basuqe Country Getxo / Guecho 76 297
35%
Catalonia Mataró 129 613
34%
Madrid Parla 132 842
34%
Valencian Community Torrevieja 89 729
32%
Balearic Islands Manacor 46 614
31%
Navarre Tudela 37 631
31%
Madrid Torrejón de Ardoz 138 197
30%
Cantabria Torrelavega 51 232
29%
Extremadura Don Benito 37 524
28%
Aragon Calatayud 19 713
27%
Castile-La Mancha Puertollano 45 243
27%
Valencian Community Torrent / Torrente 87 329
26%
Canary Islands Arrecife 64 735
25%
Cantabria Castro Urdiales 33 160
25%
Valencian Community Orihuela 82 425
25%
La Rioja Haro 11 750
23%
Basuqe Country Portugalete 44 648
23%
Extremadura Almendralejo 33 865
22%
La Rioja Calahorra 25 025
22%
Cantabria Laredo 10 838
22%
Canary Islands Telde 103 240
22%
Extremadura Villanueva de la Serena 25 746
22%
Murcia Águilas 36 684
21%
Murcia Alcantarilla 43 040
21%
Principality of Asturias Langreo 37 988
20%
Canary Islands San Cristóbal de La Laguna 159 576
20%
Catalonia Santa Coloma de Gramanet 119 195
20%
Extremadura Zafra 16 655
20%
Principality of Asturias Mieres 36 175
19%
Castile-La Mancha Tomelloso 36 462
19%
Aragon Barbastro 17 308
18%
Navarre Estella 14 224
18%
Murcia Yecla 35 491
18%
Canary Islands Adeje 50 523
17%
Aragon Fraga 15 243
17%
Castile-La Mancha Illescas 31 319
17%
Valencian Community Paterna 73 362
17%
Canary Islands Arona 86 497
16%
Extremadura Navalmoral de la Mata 16 891
16%
Murcia San Javier 35 050
16%
Cantabria Santoña 10 920
16%
Basuqe Country Santurtzi / Santurce 46 089
16%
Aragon Alcañiz 16 108
15%
Balearic Islands Inca 34 459
15%
Murcia Molina de Segura 75 941
15%
Navarre Tafalla 10 714
15%
Galicia Vilagarcía de Arousa 37 721
15%
Aragon Ejea de los Caballeros 17 149
14%
Basuqe Country Errenteria / Rentería 39 134
14%
Aragon Monzón 17 856
14%
Aragon Utebo 18 917
14%
Principality of Asturias Villaviciosa 15 010
14%
Castile-La Mancha Azuqueca de Henares 35 352
13%
Basuqe Country Basauri 40 430
13%
Murcia Cieza 35 183
13%
Principality of Asturias Pola de Siero 52 166
13%
La Rioja Arnedo 15 157
12%
Balearic Islands Calvià 53 496
12%
Galicia Narón 39 070
12%
Galicia Oleiros 37 831
11%
La Rioja Santo Domingo de la Calzada 6 280
11%
La Rioja Alfaro 9 821
10%
Canary Islands San Bartolomé de Tirajana 54 668
10%
Canary Islands Santa Lucía de Tirajana 76 418
10%
Murcia Torre-Pacheco 38 839
10%
Cantabria El Astillero 18 214
9%
Extremadura Montijo 15 312
9%
La Rioja Nájera 8 050
9%
Navarre Barañáin 19 549
8%
Navarre Burlada / Burlata 20 819
8%
Balearic Islands Llucmajor / Lluchmayor 39 156
8%
Balearic Islands Santa Eulària des Riu / Santa Eulalia del Río 41 608
8%
Balearic Islands Sant Josep de sa Talaia / San José 30 340
8%
Cantabria Camargo 30 324
7%
Canary Islands Granadilla de Abona 55 505
7%
La Rioja Lardero 11 371
7%
Principality of Asturias San Martín del Rey Aurelio 15 408
7%
Navarre Zizur Mayor / Zizur Nagusia 15 700
7%
Principality of Asturias Castrillón 22 107
6%
Cantabria Los Corrales de Buelna 10 778
6%
Balearic Islands Marratxí / Marrachí 39 455
6%
Cantabria Piélagos 26 579
6%
Navarre Berriozar 10 909
5%
Navarre Egüés 22 152
5%
Navarre Aranguren 12 513
4%
La Rioja Autol 4 811
4%
La Rioja Villamediana de Iregua 8 998
4%
Principality of Asturias Corvera de Asturias 15 616
3%
No se encontraron pruebas coincidentes
Distribución de puntuación
Porcentaje de gente con cada puntuación
Porcentaje por número respondido
Historial de tus puntuaciones
No has intentado esta prueba desde el último reinicio